00787nam a2200193 i 450000100060000000300090000600500170001500700030003200800410003510000380007624501400011426000750025430000220032965000440035170000300039585200310042599900170045695201200047395515ES-MaACL20230906181725.0t|050531s1947 sp ||||1| spa d1 aLlanas de Niubó, Renato.97268410aLey de Arrendamientos Urbanos de 31 de diciembre de 1946 / cexposición y comentarios de Renato Llanas de Niubó, A. Llamas Pérez. aBarcelona : b[s.n.], c1947 (fTalls. Gráficos Agustín Núñez) a205 p. ; c23 cm. 4aArrendamiento urbano-zEspaña.9100631 aLlamas Pérez, A.972671 aES-MaACLjC-5016 bR.25378 c95515d95515 00104070aATENEOMbATENEOMcSPALd2008-01-17eSCl0oC-5016p1099736r2023-02-23 00:00:00w2023-02-23yMONOGRAFIA